Small, medium, large, extra-large : (Record no. 352709)

000 -LEADER
fixed length control field 01637 a2200409 4500
003 - CONTROL NUMBER IDENTIFIER
control field OSt
005 - DATE AND TIME OF LATEST TRANSACTION
control field 20180116192342.0
008 - FIXED-LENGTH DATA ELEMENTS--GENERAL INFORMATION
fixed length control field 120531t xxu||||| |||| 00| 0 eng d
010 ## - LIBRARY OF CONGRESS CONTROL NUMBER
LC control number 94076578
020 ## - INTERNATIONAL STANDARD BOOK NUMBER
International Standard Book Number 1885254016
020 ## - INTERNATIONAL STANDARD BOOK NUMBER
International Standard Book Number 1885254865
035 ## - SYSTEM CONTROL NUMBER
System control number (OCoLC)34225456
040 ## - CATALOGING SOURCE
Transcribing agency 0
082 04 - DEWEY DECIMAL CLASSIFICATION NUMBER
Classification number 720.92
100 1# - MAIN ENTRY--PERSONAL NAME
Personal name Koolhaas, Rem
9 (RLIN) 2895
245 00 - TITLE STATEMENT
Title Small, medium, large, extra-large :
Remainder of title Office for Metropolitan Architecture, Rem Koolhaas, and Bruce Mau /
Statement of responsibility, etc. edited by Jennifer Sigler ; photography by Hans Werlemann.
246 30 - VARYING FORM OF TITLE
Title proper/short title Office for Metropolitan Architecture, Rem Koolhaas, and Bruce Mau
246 30 - VARYING FORM OF TITLE
Title proper/short title S, M, L, XL
246 30 - VARYING FORM OF TITLE
Title proper/short title O.M.A., Rem Koolhaas, and Bruce Mau
260 ## - PUBLICATION, DISTRIBUTION, ETC.
Place of publication, distribution, etc. New York, N.Y. :
Name of publisher, distributor, etc. Monacelli Press,
Date of publication, distribution, etc. c1995.
300 ## - PHYSICAL DESCRIPTION
Extent xxxi, 1344 p. :
Other physical details ill. (some col.) ;
Dimensions 24 cm.
600 10 - SUBJECT ADDED ENTRY--PERSONAL NAME
Personal name Koolhaas, Rem.
9 (RLIN) 2896
600 10 - SUBJECT ADDED ENTRY--PERSONAL NAME
Personal name Mau, Bruce.
9 (RLIN) 2897
610 20 - SUBJECT ADDED ENTRY--CORPORATE NAME
Corporate name or jurisdiction name as entry element Office for Metropolitan Architecture.
9 (RLIN) 2898
650 #0 - SUBJECT ADDED ENTRY--TOPICAL TERM
Topical term or geographic name entry element Architecture, Modern
Chronological subdivision 20th century.
9 (RLIN) 2899
650 #0 - SUBJECT ADDED ENTRY--TOPICAL TERM
Topical term or geographic name entry element City planning.
9 (RLIN) 2900
650 #0 - SUBJECT ADDED ENTRY--TOPICAL TERM
Topical term or geographic name entry element Office for Metropolitan Architecture
9 (RLIN) 2901
700 1# - ADDED ENTRY--PERSONAL NAME
Personal name Koolhaas, Rem.
9 (RLIN) 2902
700 1# - ADDED ENTRY--PERSONAL NAME
Personal name Mau, Bruce.
9 (RLIN) 2903
700 1# - ADDED ENTRY--PERSONAL NAME
Personal name Sigler, Jennifer.
9 (RLIN) 2904
700 1# - ADDED ENTRY--PERSONAL NAME
Personal name Werlemann, Hans.
9 (RLIN) 2905
710 2# - ADDED ENTRY--CORPORATE NAME
Corporate name or jurisdiction name as entry element Office for Metropolitan Architecture.
9 (RLIN) 2906
856 42 - ELECTRONIC LOCATION AND ACCESS
Materials specified Contributor biographical information
Uniform Resource Identifier <a href="http://www.loc.gov/catdir/enhancements/fy0835/94076578-b.html">http://www.loc.gov/catdir/enhancements/fy0835/94076578-b.html</a>
856 42 - ELECTRONIC LOCATION AND ACCESS
Materials specified Publisher description
Uniform Resource Identifier <a href="http://www.loc.gov/catdir/enhancements/fy0835/94076578-d.html">http://www.loc.gov/catdir/enhancements/fy0835/94076578-d.html</a>
942 ## - ADDED ENTRY ELEMENTS (KOHA)
Institution code [OBSOLETE] SADA
Koha item type Reference
Call number prefix REF 720.92 KOO 1995
Source of classification or shelving scheme
Holdings
Withdrawn status Lost status Source of classification or shelving scheme Damaged status Not for loan Permanent Location Current Location Date acquired Total Checkouts Full call number Barcode Date last seen Cost, replacement price Price effective from Koha item type
          School of Art Design and Architecture (SADA) School of Art Design and Architecture (SADA) 04/13/2011   REF 720.92 KOO 1995 SADA0000858 01/18/2016 6043.00 08/05/2011 Reference
© 2023 Central Library, National University of Sciences and Technology. All Rights Reserved.